Rock Music Trivia - Statistics

General Stats
  • This quiz has been taken 211 times
  • The average score is 8 of 15
Answer Stats
Question Answer % Correct
What animal did Ozzy Osbourne bite the head off of? Bat
93%
What Band had a plane crash in Mississippi in 1977? Lynyrd Skynyrd
79%
Does Rolling Stone magazine know how to rank guitarists? No
75%
What band performed for ~1 millon people in Moscow in 1991? Metallica
74%
Who is the original singer for AC/DC that died in 1980? Bon Scott
64%
What is the name of Def Leppard's one-armed drummer? Rick Allen
58%
Who was the original singer of "All Along The Watchtower"? Bob Dylan
56%
Which ZZ Top member doesn't have a beard? Frank Beard
56%
Guitar player from Dallas Texas Stevie Ray Vaughan
48%
What symbol of Texas did Ozzy Osborne urinate on? The Alamo
44%
What artist had Stevie Ray Vaughan play guitar on their 1983 album? David Bowie
41%
Who is Joe Walsh's brother-in-law? Ringo Starr
32%
Who is the Motor City Madman? Ted Nugent
31%
Rock Band with most followers on Spotify Queen
29%
British composer George Frideric Handel lived at 25 Brook Street London, who would live at 23 Brook Street 250 years later? Jimi Hendrix
26%
No matching quizzes found
Score Distribution
Percent of People with Each Score
Percentile by Number Answered
Your Score History
You have not taken this quiz